| 000 | 00380cam a2200145ua 4500 | ||
|---|---|---|---|
| 041 |
_aeng _h |
||
| 082 |
_a828.09 _bSEL/IT |
||
| 100 | _aSells, A Lytton . | ||
| 245 |
_aItalian influence in English poetry / _cA Lytton sells. _hTextual Documents |
||
| 260 |
_aLondon : _bGeorge Allen & Unwin Ltd , _c1955. |
||
| 300 | _a346 ; . | ||
| 504 | _a | ||
| 942 | _cBK | ||
| 999 |
_c5052 _d5052 |
||